000 01022nam a2200241 i 4500
001 bg
245 0 0 _aZanieczyszczenie powietrza w Polsce w 1995 roku =
_bAir pollution in Poland in 1995 : praca zespołowa /
_c[aut. Małgorzata Degórska et al. ; zespół red. Lucyna Ciołkowska et al.] ; Państwowa Inspekcja Ochrony Środowiska, Państwowa Inspekcja Sanitarna.
260 _aWarszawa :
_bPIOŚ ;
_aŁódź :
_bMA. Oficyna Wydawniczo-Informatyczna,
_c1997.
300 _a355 s. :
_bmapy, rys., wykr. ;
_c24 cm.
490 1 _aBiblioteka Monitoringu Środowiska
504 _aBibliogr. przy pracach. - Spis treści także ang.
650 9 _aPowietrze
_xhigiena i ochrona
_zPolska
_y1995 r.
700 1 _aDEGÓRSKA, Małgorzata.
700 1 _aCIOŁKOWSKA, Lucyna.
_eRed.
830 _aBiblioteka Monitoringu Środowiska
020 _a838716643X
040 _cBPK
041 0 _apl
_ben
080 _a504.3.05/.06(438)"1989/..."
920 _a83-87166-43-X
942 _cKS
008 s pl f |000 0 pol
999 _c31479
_d31479
856 _uhttp://koha.tu.koszalin.pl/cgi-bin/koha/opac-detail.pl?biblionumber=31479
_yKatalog online BPK